| 000 | 00516nam a22001577a 4500 | ||
|---|---|---|---|
| 005 | 20251108173314.0 | ||
| 008 | 250721s1983 xx 000 0 ara d | ||
| 082 | 1 | 4 | _a907.2/سخا |
| 100 | 1 | _aعبد الرحمن السخاوي، الحافظ شمس الدين محمد بن | |
| 245 | 1 | 0 | _aالإعلان بالتوبيخ لمن ذم التاريخ / |
| 264 | 1 |
_aبيروت : _bدار الكتاب العربي، _c1983. |
|
| 300 | _a174ص | ||
| 650 | 1 | 7 | _aالتاريخ |
| 942 |
_2ddc _cBK |
||
| 999 |
_c100829 _d100829 |
||